000 00519nam a2200169Ia 4500
005 20250923145906.0
008 008 250917s9999 xx 000 0 eng d
037 _aTextual
040 _aDSWL
_beng
_cDSWL
041 _aeng
_2eng
084 _aY150tS:5.2:f, N91
_qDSWL
245 0 _aChildren and women in India: A situation - Analysis, 1990
_c by U.N.I.C.E.F.
260 _aNew Delhi
_bU.N.I.C.E. office
_c1991
300 _a216p.
942 _cTEXL
_hY150tS:5.2:f, N91
999 _c1457008
_d1457008